| 000 | 00727nam a2200253 a 4500 | ||
|---|---|---|---|
| 999 |
_c2095 _d2095 |
||
| 001 | 2095 | ||
| 003 | BD-JhCC | ||
| 005 | 20180310165631.0 | ||
| 008 | 171029s2008 bg |||| |||| 001 0 ben d | ||
| 020 | _a9844460263 | ||
| 035 | _a(BD-JhCC) 2095 | ||
| 040 |
_aBD-JhCC _dBD-JhCC |
||
| 041 | _aben | ||
| 082 |
_a923.1 _bMAM 2008 |
||
| 100 | _aমামুদ, হায়াৎ | ||
| 245 |
_aনজরুল ইসলাম : _bকিশোর জীবনী / _c হায়াৎ মামুদ |
||
| 260 |
_aঢাকা : _bপ্রতীক , _c2008 |
||
| 300 |
_a104 p .: _c22 cm . |
||
| 600 | _aNajrul, Islam Kazi | ||
| 650 | _aBengali literature | ||
| 650 | _aBiography | ||
| 942 |
_2ddc _cBK |
||